| 000 | 00000nam 2200000zi 4500 |
| 001 | 9.937104 |
| 003 | CaOODSP |
| 005 | 20240419094551 |
| 006 | m o d f |
| 007 | cr |n||||||||| |
| 008 | 240418s2022 onc o f|0| 0 eng d |
| 040 | |aCaOODSP|beng|erda|cCaOODSP |
| 043 | |an-cn--- |
| 086 | 1 |aH14-600/2022E-PDF |
| 245 | 00|aHealth Canada's sex- and gender-based analysis plus action plan 2022-2026 placemat. |
| 264 | 1|a[Ottawa] : |bHealth Canada, |c[2022] |
| 300 | |a1 online resource (1 page) |
| 336 | |atext|btxt|2rdacontent |
| 337 | |acomputer|bc|2rdamedia |
| 338 | |aonline resource|bcr|2rdacarrier |
| 500 | |aCaption title. |
| 500 | |aIssued also in French under title: Esquisse du plan d'action 2022-2026 pour l'analyse comparative fondée sur le sexe et le genre plus de Santé Canada. |
| 610 | 10|aCanada. |bHealth Canada|xPlanning. |
| 650 | 0|aGender mainstreaming|xGovernment policy|zCanada. |
| 710 | 1 |aCanada. |bHealth Canada, |eissuing body. |
| 775 | 08|tEsquisse du plan d'action 2022-2026 pour l'analyse comparative fondée sur le sexe et le genre plus de Santé Canada.|w(CaOODSP)9.937105 |
| 856 | 40|qPDF|s486 KB|uhttps://publications.gc.ca/collections/collection_2024/sc-hc/H14-600-2022-eng.pdf |
| 856 | 41|qHTML|sN/A|uhttps://www.canada.ca/en/health-canada/corporate/transparency/corporate-management-reporting/health-portfolio-sex-gender-based-analysis-action-plan.html |